Rock phosphate as a source of fertilizer for rubber - a review (Record no. 67134)

MARC details
000 -LEADER
fixed length control field 00465nam a2200121Ia 4500
100 ## - MAIN ENTRY--AUTHOR NAME
Personal name Krishnakumar A K
245 #0 - TITLE STATEMENT
Title Rock phosphate as a source of fertilizer for rubber - a review
260 ## - PUBLICATION, DISTRIBUTION, ETC. (IMPRINT)
Name of publisher Proceedings of the National Seminar on rock phosphate in agriculture, Tamil Nadu Agricultural University, Coimbatore, India, 1986. pp. 229-232
Year of publication 1986
700 ## - ADDED ENTRY--PERSONAL NAME
Personal name Karthikakuttyamma M
700 ## - ADDED ENTRY--PERSONAL NAME
Personal name Mathew M
942 ## - ADDED ENTRY ELEMENTS (KOHA)
Koha item type Journals
Holdings
Withdrawn status Lost status Damaged status Not for loan Home library Current library Date acquired Koha item type
      Journals RRII Library RRII Library 17/12/2021 Journals